| 000 | 00444nam a22001697a 4500 | ||
|---|---|---|---|
| 003 | NUST - PNEC | ||
| 005 | 20170116181141.0 | ||
| 008 | 151008b xxu||||| |||| 00| 0 eng d | ||
| 020 | _a8123904290 | ||
| 040 | _cLIBRARY | ||
| 082 | _a629.1323 HOU | ||
| 100 |
_914695 _aHoughton,E L |
||
| 245 |
_aAerodynmics For Engineering Students _cE L,Houghton |
||
| 250 | _a4th ed | ||
| 650 |
_914696 _aEngineering Students _xGeneral |
||
| 942 |
_2ddc _cBK |
||
| 999 |
_c70511 _d70511 |
||